Stations on JR Kyoto Line, Japan - Statistics

General Stats
  • This quiz has been taken 74 times
  • The average score is 12 of 17
Answer Stats
No. Station % Correct
JR-A31 Kyoto
100%
JR-A47 Osaka
93%
JR-A46 Shin-Osaka
93%
JR-A38 Takatsuki
89%
JR-A41 Ibaraki
80%
JR-A45 Higashi-Yodogawa
76%
JR-A44 Suita
72%
JR-A36 Yamazaki
72%
JR-A32 Nishioji
70%
JR-A35 Nagaokakyo
69%
JR-A33 Katsuragawa
65%
JR-A37 Shimamoto
65%
JR-A39 Settsu-Tonda
63%
JR-A34 Mukomachi
59%
JR-A40 JR-Sojiji
56%
JR-A42 Senrioka
52%
JR-A43 Kishibe
50%
No matching quizzes found
Score Distribution
Percent of People with Each Score
Percentile by Number Answered
Your Score History
You have not taken this quiz